000 01262nam a2200361 a 4500
001 16468
003 CO-ViMGA
008 141112s2004 ck r 000 u spa d
020 _a9586980855
040 _aCO-ViMGA
_bspa
_cCO-ViMGA
082 0 4 _a630.2 A237d
100 1 _aAcero Duarte, Luis Enrique
_923503
245 1 0 _aUnidades productivas agroindustriales para el desarrollo alternativo
260 _aBogotá :
_bConvenio Andres Bello,
_c2002
300 _a214.p.
490 _aCiencia y Tecnología
505 _aFundamentos y componentes de las UPAR
590 _aForma de adquisición : Premio - Mincultura
650 1 4 _aAGRICULTURA ORGANICA
_923504
650 1 4 _aAGROINDUSTRIA
_951809
650 1 4 _aAGUA EN LA PRODUCCION AGROPECUARIA
_923505
650 1 4 _aANALISIS FINANCIERO
_94029
650 1 4 _aAPROVECHAMIENTO DE RECURSOS
_923506
650 1 4 _aCULTIVOS ALIMENTICIOS
_923507
650 1 4 _aDESARROLLO AGROPECUARIO
_923508
650 1 4 _aESPECIES EN VIA DE EXTINCION
_923509
650 1 4 _aESPECIES PROMISORIAS
_923510
650 1 4 _aINSTALACIONES AGROPECUARIAS
_923511
650 1 4 _aPLANTAS DE PROPOSITO MULTIPLE
_923512
650 1 4 _aPRODUCTOS AGROPECUARIOS
_923513
650 1 4 _aSISTEMAS INTEGRADOS DE PRODUCCION
_923514
942 _2ddc
_cBK
999 _c26292
_d26292